Deutsche Großstädte mit ICE-Anschluss - Statistiken

Allgemein
  • Dieses Quiz wurde 289 mal gespielt
  • Das Durchschnittsergebnis liegt bei 51 aus 61
Antwortstatistiken
Hint Antwort % Korrekt
Baden-Württemberg Stuttgart
98%
--- Bremen
97%
--- Hamburg
97%
--- Berlin
96%
Hessen Frankfurt
95%
Nordrhein-Westfalen Köln
95%
Bayern München
95%
Bayern Nürnberg
94%
Sachsen Dresden
93%
Niedersachsen Hannover
93%
Schleswig-Holstein Kiel
93%
Sachsen Leipzig
93%
Nordrhein-Westfalen Düsseldorf
92%
Baden-Württemberg Freiburg
92%
Baden-Württemberg Mannheim
92%
Nordrhein-Westfalen Dortmund
91%
Thüringen Erfurt
91%
Nordrhein-Westfalen Essen
91%
Baden-Württemberg Karlsruhe
91%
Saarland Saarbrücken
91%
Bayern Augsburg
90%
Sachsen-Anhalt Magdeburg
90%
Rheinland-Pfalz Mainz
90%
Mecklenburg-Vorpommern Rostock
90%
Nordrhein-Westfalen Bonn
89%
Hessen Kassel
89%
Brandenburg Potsdam
89%
Niedersachsen Braunschweig
88%
Nordrhein-Westfalen Duisburg
88%
Baden-Württemberg Ulm
88%
Nordrhein-Westfalen Aachen
86%
Hessen Wiesbaden
86%
Bayern Würzburg
86%
Schleswig-Holstein Lübeck
85%
Niedersachsen Wolfsburg
84%
Nordrhein-Westfalen Bielefeld
83%
Nordrhein-Westfalen Bochum
83%
Sachsen-Anhalt Halle
83%
Thüringen Jena
83%
Niedersachsen Osnabrück
83%
Baden-Württemberg Heidelberg
82%
Bayern Ingolstadt
82%
Nordrhein-Westfalen Münster
82%
Bayern Regensburg
82%
Rheinland-Pfalz Koblenz
80%
Nordrhein-Westfalen Gelsenkirchen
79%
Nordrhein-Westfalen Wuppertal
77%
Nordrhein-Westfalen Hamm
76%
Hessen Darmstadt
75%
Niedersachsen Göttingen
75%
Rheinland-Pfalz Kaiserslautern
73%
Niedersachsen Oldenburg
73%
Nordrhein-Westfalen Mönchengladbach
70%
Nordrhein-Westfalen Oberhausen
69%
Nordrhein-Westfalen Hagen
66%
Bayern Erlangen
62%
Niedersachsen Hildesheim
61%
Nordrhein-Westfalen Krefeld
61%
Nordrhein-Westfalen Solingen
59%
Baden-Württemberg Pforzheim
55%
Nordrhein-Westfalen Herne
54%
Keine übereinstimmenden Quizze gefunden
Verteilung der Resultate
Anzahl Personen mit jedem Resultat
Perzentil nach korrekt beantworteten Fragen
Ihre Resultats-Entwicklung
Sie haben dieses Quiz noch nicht gespielt